000
00352nam a2200169Ia 4500
100
_a
Mohan/Ned/ Undeland/Tore
250
_a
3
942
_c
BK
366
_f
15
654
_a
Power Electronics
245
_a
Power Electronics
260
_b
John Wiley & Sons
_c
2003
082
_a
621.317
_b
MOH
300
_a
802
546
_a
ENGLISH
999
_c
25029
_d
25029